1513 1237 1087 1071 1771 1704 1708 1106 1038 1592 1152 1008 1191 1948 1830 1384 1713 1091 1542 1968 1533 1383 1838 1832 1700 1139 1772 1418 1435 1090 1218 1607 1095 1731 1861 1951 1370 1635 1822 1083 1889 1374 1370 1624 1156 1069 1189 1306 1374 1923 1735 1629 1205 1312 1729 1548 1618 1279 1713 1794 1618 1245 1539 1091 1588 1147 1887 1428 1039 1118 1135 1386 1588 1743 1568 1170 1399 1993 1967 1851 1097 1878 1774 1075 1045 1581 1860 1936 1633 1748 1214 1387 1334 1551 1464 1856 1398 1546 1039 BCNSPRNW ULIB Ver.6.0+V

เปลี่ยนเป็นภาษาไทย

Change to English
 แสดงรายละเอียดบรรณานุกรม
  กลับหน้าหลัก

Brief Record : Get Marc (ISO 2709) : E-mail record : QR code < ปิดหน้าต่าง
LEADER : 00000nam 2200000uu 4500
001    13399113425
003     ULIB
008    110627s2553||||th 000 0 tha d
020    9786167083070
090    นว.^bส988ส 2553
100 0  โสภี พรรณราย
245 00 สาปคฤหาสน์/^cโสภี พรรณราย
250    พิมพ์ครั้งที่ 1
260    กรุงเทพฯ :^bบิวตี้ บุ๊ค,^c2553
300    294 หน้า
710 1  บิวตี้บุ๊ค
945    ^p220^l0^i028018
995    ทศพร
999 ^a ใช้งานได้ทุกระบบ
รายการนี้ยังไม่มีแท็ก
คุณยังไม่ได้ล็อกอิน คุณสามารถมีกิจกรรมร่วมกับเว็บไซต์ได้ แต่ต้องล็อกอินก่อน ::
  ล็อกอิน

รายการสื่อสารสนเทศ

ลำดับที่ ประเภท เลขเรียก/บาร์โค้ด สถานที่ สถานะ
1. นวนิยาย
นวนิยาย
นว. ส988ส 2553 ฉ.1 
  Barcode: 028018
ห้องสมุดวิทยาเขตสวรรค์ประชารักษ์
►นวนิยาย
ถูกยืม กำหนดส่งวันที่ 15 ธันวาคม 2559
  จอง

รายการใกล้เคียง
    ผู้แต่ง [โสภี พรรณราย]

BibComment


ยังไม่เคยถูกคอมเมนท์

คอมเมนท์ทรัพยากรรายการนี้
  คอมเมนท์: สาปคฤหาสน์ โสภี พ..


 Copyright 2026. Bcnsprnw @Library